00290nam a2200121Ia 4500008004100000041000900041082001600050100001800066245002900084260003900113300000800152650000800160230718s9999 xx 000 0 und d aEng. a3454bBAG-P aBagari, Miske 0aPunishment ad Sentencing aPakistanbCavendish Publish c2001 a363 aLaw